Abdel Rahman el Sharkawi's Orabi leader of the fellahin /

محفوظ في:

المؤلف الرئيسي: Sharqawi, Abd al-Rahman, 1920-1987.

التنسيق: كتاب

اللغة: English
Arabic

منشور في: [Cairo] : General Egyptian Book Organization, 1989.

الموضوعات:

الوسوم: إضافة وسم

لا توجد وسوم, كن أول من يضع وسما على هذه التسجيلة!

رقم الطلب: PJ7862 .H27 U713

LEADER 00988nam a22002897a 4500
003 OSt
005 20251110121258.0
008 251110t1989 ua a 000 0 eng d
010 |a  89962135  
020 |a 9770121630 
020 |a 9789770121634 
040 |c ARCE Library 
041 1 |a eng  |h ara 
043 |a f-ua--- 
050 1 4 |a PJ7862 .H27  |b U713 
100 1 |a Sharqawi, Abd al-Rahman,  |d 1920-1987. 
240 1 0 |a Urabi zaim al-fallahin.  |l English 
245 1 0 |a Abdel Rahman el Sharkawi's Orabi leader of the fellahin /  |c a verse translation and introduction by Thoraya Mahdi Allam ; revised by M. Mahdi Allam. 
246 3 |a Orabi leader of the fellahin. 
264 1 |a [Cairo] :  |b General Egyptian Book Organization,  |c 1989. 
300 |a 405 pages :  |b illustrations ;  |c 25 cm. 
500 |a Translation of: Urabi zaim al-fallahin (romanized). 
546 |a In English. 
600 1 0 |a Urabi, Ahmad,  |d 1840 or 1841-1911  |v Drama. 
901 |a reviewed 
942 |2 lcc  |c BK 
999 |c 56650  |d 56650